Documents pour servir à l'étude des dialectes roumain / (Record no. 187801)

MARC details
000 -LEADER
campo de control de longitud fija 00657nam a2200181 i 4500
001 - NÚMERO DE CONTROL
campo de control 187801
003 - IDENTIFICADOR DE NÚMERO DE CONTROL
campo de control ES-MaACL
005 - FECHA Y HORA DE LA ÚLTIMA TRANSACCIÓN
campo de control 20251004063229.0
008 - DATOS DE LONGITUD FIJA--INFORMACIÓN GENERAL
campo de control de longitud fija 180227s1873 fr |||| | fre d
100 1# - ENTRADA PRINCIPAL--NOMBRE DE PERSONA
Nombre de persona Picot, Émile,
Fechas asociadas al nombre 1844-1918
9 (RLIN) 163702
245 10 - MENCIÓN DEL TÍTULO
Título Documents pour servir à l'étude des dialectes roumain /
Mención de responsabilidad, etc. recueillis et publiés par Emile Picot.
260 ## - PUBLICACIÓN, DISTRIBUCIÓN, ETC.
Lugar de publicación, distribución, etc. Paris :
Nombre del editor, distribuidor, etc. Maisonneuve,
Fecha de publicación, distribución, etc. [1873?]
300 ## - DESCRIPCIÓN FÍSICA
Extensión 66 p. ;
Dimensiones 23 cm.
500 ## - NOTA GENERAL
Nota general Separata de: Revue de linguistique et de philologie comparée. - ; 1873, t.V, fasc.3.
650 #4 - PUNTO DE ACCESO ADICIONAL DE MATERIA--TÉRMINO DE MATERIA
Término de materia o nombre geográfico como elemento de entrada Lengua rumana-
Subdivisión general Dialectos.
9 (RLIN) 164330
852 ## - LOCALIZACIÓN
Ubicación ES-MaACL
Número de control de estantería T-185-F-1
Holdings
Estatus retirado Estado de pérdida Estado de daño No para préstamo Colección Biblioteca de origen Biblioteca actual Ubicación en estantería Fecha de adquisición Fuente de adquisición Total de préstamos Signatura topográfica completa Código de barras Visto por última vez Precio de reemplazo Tipo de ítem Koha
        Colección de folletos Biblioteca del Ateneo de Madrid Biblioteca del Ateneo de Madrid Depósito folletos 27/02/2018     T-185-F-1 1198430 23/02/2023 23/02/2023 Folleto